00737nam a2200217 a 450000100100000000500170001000800410002704000250006808200200009310000270011324500380014026000560017830000210023449000140025565000260026965000280029583000210032391000340034495201240037899900170050200002499220200930023508.0841115s1972 sp 001 p spa d aDO-SdBNPbspacBNPHU aCu861.44bP896o1 aPrado, Pura del95128310aLa otra orilla /cPura del Prado. aMadrid, (España) :bPlaza mayor Ediciones,c1972. a134 p. ;c20 cm.1 aOvalo,v3 4aPoesía cubana95226 4aLiteratura cubana91483 0aOvalo,v3951284 aCatalogación por copia / LC 001054708MOaGRbGRcCTd2011-02-08iLF1l0oCu861.44 P896op24992-10r2020-06-25w2020-06-25y4ZPréstamo en sala c24485d24485